[Event "WCh Candidates Finals"]
[Site "Elista RUS"]
[Date "2007.06.13"]
[Round "9"]
[White "Rublevsky,S"]
[Black "Grischuk,A"]
[Result "0-1"]
[WhiteElo "2680"]
[BlackElo "2717"]

1.e4 e5 2.Nf3 Nc6 3.d4 exd4 4.Nxd4 Bc5 5.Nb3 Bb6 6.Nc3 Nf6 7.Qe2 d6 8.Bg5 h6
9.Bh4 g5 10.Bg3 Qe7 11.h4 Rg8 12.hxg5 hxg5 13.O-O-O Be6 14.Rh6 O-O-O 15.Nd5 Bxd5
16.exd5 Ne5 17.Bxe5 dxe5 18.Qf3 Rd6 19.Nd2 Ne8 20.Rh5 Nf6 21.Qf5+ Kb8 22.Rh6 Ne8
23.Qh7 Qf8 24.Rh1 Nf6 25.Qf5 Nxd5 26.Ne4 Ne7 27.Qh7 Rxd1+ 28.Kxd1 f5 29.Bc4 fxe4
30.Bxg8 Nxg8 31.Qxe4 a6 32.Rh8 Ka7 33.Qxe5 Qf7 34.Qxg5 Nf6 35.f3 Qd7+ 36.Qd2 Qb5
37.c3 Nd5 38.Rh1 Be3  0-1